000 00518nam a2200169 4500
001 107824
003 ES-MaACL
005 20230906184512.0
007 t|
008 061121s1956 sp r ||||1| spa d
100 1 _aMoreno Hernández, Miguel.
_983385
245 1 0 _aDerecho procesal canónico /
_cMiguel Moreno Hernández ; prólogo Eloy Montero.
260 _aMadrid :
_bAguilar,
_c1956.
300 _aXXVI, 591 p. ;
_c24 cm.
700 1 _aMontero Gutiérrez, Eloy.
_982525
852 _aES-MaACL
_jC-11257
_bR.39390
999 _c107824
_d107824